Právna úprava pohľadávok a záväzkov z obchodného styku v SR diplomová práca

Guardado en:
Detalles Bibliográficos
Autor principal: Čerteková, Michaela
Autor Corporativo: Fakulta hospodárskej informatiky EU. Katedra účtovníctva a audítorstva
Otros Autores: Mateášová, Martina, 1979-
Formato: Libro
Lenguaje:eslovaco
Publicado: Bratislava 2015
Etiquetas: Agregar Etiqueta
Sin Etiquetas, Sea el primero en etiquetar este registro!

MARC

LEADER 00000nbm a2200000 4500
001 0203552
005 20161212113123.5
041 0 |a slo 
044 |a SK 
245 1 0 |a Právna úprava pohľadávok a záväzkov z obchodného styku v SR  |b diplomová práca  |c Michaela Čerteková ; školiteľ: Martina Mateášová 
264 1 |a Bratislava  |c 2015 
300 |a 58 s. 
100 1 |a Čerteková, Michaela 
700 1 |a Mateášová, Martina, 1979- 
710 2 |a Fakulta hospodárskej informatiky EU. Katedra účtovníctva a audítorstva